Statystyki dla Najpopularniejsze Wakacyjne Kierunki Polaków

Kliknij tutaj aby rozwiązać quiz!

Ogólne statystyki

  • Ten quiz został rozwiązany 1 778 razy
  • Średni wynik to 8 z 10

Statystyki odpowiedzi

Lp.Procent wszystkich wyjazdówKraj% Poprawnych
7.6%Hiszpania
93%
1.16%Niemcy
88%
4.13%Włochy
88%
2.14%Grecja
86%
3.13%Chorwacja
85%
5.9%Czechy
73%
9.5%Wielka Brytania
69%
8.6%Słowacja
68%
10.5%Ukraina
57%
6.9%Austria
49%

Rozkład punktacji

Percentyl według liczby udzielonych odpowiedzi

Procent ludzi z każdym wynikiem

Twoja historia wyników

Nie rozwiązałeś tego quizu